书目信息 |
| 题名: |
新视野大学英语同步辅导与过级训练
|
|
| 作者: | 王长喜 主编 ;白玉宽 , 南宫梅芳 副主编 | |
| 分册: | 2 | |
| 出版信息: | 北京 中国社会出版社 2006.01 |
|
| 页数: | 447页 | |
| 开本: | 21cm | |
| 丛书名: | ||
| 单 册: | ||
| 中图分类: | H31 | |
| 科图分类: | ||
| 主题词: | 英语--高等学校--教学参考资料 | |
| 电子资源: | ||
| ISBN: | 7-5087-0376-6 | |
| 000 | 01008nam 2200265 450 | |
| 001 | 002871216 | |
| 005 | 20100816115942.75 | |
| 010 | @a7-5087-0376-6@dCNY13.80 | |
| 100 | @a20100515d2006 em y0chiy50 ea | |
| 101 | 0 | @achi@aeng |
| 102 | @aCN@b110000 | |
| 105 | @ay z 000yy | |
| 200 | 1 | @a新视野大学英语同步辅导与过级训练@Axin shi ye da xue ying yu tong bu fu dao yu guo ji xun lian@h2@f王长喜主编@g白玉宽, 南宫梅芳副主编@Gbai yu kuan,nan gong mei fang fu zhu bian |
| 205 | @a第2版 | |
| 210 | @a北京@c中国社会出版社@d2006.01 | |
| 215 | @a447页@d21cm | |
| 300 | @a名家精品 长喜英语 | |
| 330 | @a本书共有十个单元,每单元包括学习目标与方法指导,课前水平自测,文化背景介绍,课文精读,四、六级应试百宝箱,四、六级考试标准训练,趣味英语天地七部分。 | |
| 606 | 0 | @a英语@x高等学校@j教学参考资料 |
| 690 | @aH31@v4 | |
| 701 | 0 | @a王长喜@Awang chang xi@4主编 |
| 702 | 0 | @a白玉宽@Abai yu kuan@4副主编 |
| 702 | 0 | @a南宫梅芳@Anan gong mei fang@4副主编 |
| 801 | 0 | @c20100515 |
| 905 | @dH31@eW120-2=2:2@f3 | |
| 新视野大学英语同步辅导与过级训练.2/王长喜主编/白玉宽, 南宫梅芳副主编.-第2版.-北京:中国社会出版社,2006.01 |
| 447页;21cm |
| 名家精品 长喜英语 |
| ISBN 7-5087-0376-6:CNY13.80 |
| 本书共有十个单元,每单元包括学习目标与方法指导,课前水平自测,文化背景介绍,课文精读,四、六级应试百宝箱,四、六级考试标准训练,趣味英语天地七部分。 |
| ● |
| 相关链接 |
|
|
|
正题名:新视野大学英语同步辅导与过级训练
索取号:H31/W120-2=2:2
 
预约/预借
| 序号 | 登录号 | 条形码 | 馆藏地/架位号 | 状态 | 备注 |
| 1 | 1030022 | 210300226 | 语言库209/209语言库 86排4列3层/ [索取号:H31/W120-2=2:2] | 在馆 | |
| 2 | 1030023 | 210300235 | 语言库209/209语言库 86排4列3层/ [索取号:H31/W120-2=2:2] | 在馆 | |
| 3 | 1030024 | 210300244 | 语言库209/209语言库 86排4列3层/ [索取号:H31/W120-2=2:2] | 在馆 |